Szczegóły MARC21

Przeważna legacyja Krzysztofa Zbaraskiego od Zygmunta III do sołtana Mustafy /

003 -Nazwa inst., której nr kontr. jest w polu 001 [,]
    • @
    • Nazwa instytucji, której n kontrolny jest w polu 001
    • NUKAT
005 -DATA I CZAS OSTATNIEJ MODYFIKACJI [,]
    • @
    • pole kontrolne
    • 20241231095621.0
020 -Międzynarod. znormalizowany nr książki - ISBN [ , ]
    • a
    • Numer ISBN
    • 8387456535 Find
040 -Instytucja sporządzająca opis [ , ]
    • a
    • Instytucja, która sporządziła opis (NP)
    • WR O/GW
    • c
    • Instytucja, która sporządziła rekord (NP)
    • WR O/GW
    • d
    • Instytucja, która zmodyfikowała rekord (P)
    • WR O/LC
    • d
    • Instytucja, która zmodyfikowała rekord (P)
    • WR O/GWs
    • d
    • Instytucja, która zmodyfikowała rekord (P)
    • KAT U/AM
942 -Rodzaj dokumentu [ , ]
    • c
    • Rodzaj dokumentu
    • Książka
100 -Hasło główne - nazwa osobowa [1, ]
    • a
    • Nazwa osobowa (NP)
    • Twardowski, Samuel
    • d
    • Daty biograficzne (NP)
    • (przed 1600-1661).
    • 9
    • KHW
    • 255409
245 -Strefa tytułu i oznaczenia odpowiedzialności [1,0]
    • a
    • Tytuł
    • Przeważna legacyja Krzysztofa Zbaraskiego od Zygmunta III do sołtana Mustafy / Find
    • c
    • Pozostałe elementy strefy tytułu i oznaczenia odpowiedzialności (NP)
    • Samuel Twardowski ; wyd. Roman Krzywy.
246 -Wariant tytułu [3, ]
    • a
    • Tytuł (NP)
    • Przeważna legacja Krzysztofa Zbaraskiego od Zygmunta III do sułtana Mustafy
260 -Strefa adresu wydawniczego [ , ]
    • a
    • Miejsce wydania (P)
    • Warszawa :
    • b
    • Nazwa wydawcy (P)
    • IBL :
    • b
    • Nazwa wydawcy (P)
    • PCL,
    • c
    • Data wydania (P)
    • 2000.
300 -Strefa opisu fizycznego [ , ]
    • a
    • Określenie formy książki i/lub objętość (NP)
    • 467 s., [1] k. map ;
    • c
    • Format (NP)
    • 21 cm.
336 -Typ zawartości [ , ]
    • a
    • Termin opisujący typ zawartości
    • Tekst
    • b
    • Kod określający zawartość
    • txt
    • 2
    • Źródło (terminu i kodu)
    • rdacontent
337 -Typ mediów [ , ]
    • a
    • Tryb odtwarzania
    • Bez urządzenia pośredniczącego
    • b
    • Kod typu mediów
    • n
    • 2
    • Źródło (terminu i kodu)
    • rdamedia
338 -Typ/rodzaj nośnika [ , ]
    • a
    • Hasło opisujące typ nośnika
    • Wolumin
    • b
    • Kod typu nośnika
    • nc
    • 2
    • Źródło (terminu i kodu)
    • rdacarrier
490 -Strefa serii i książki wielotomowej - forma nie do wyszukiwania [1, ]
    • a
    • Tytuł (P)
    • Biblioteka Pisarzy Staropolskich / Instytut Badań Literackich PAN, Stowarzyszenie "Pro Cultura Litteraria" ; Find
    • v
    • Numeracja (P)
    • t. 17
830 -Hasło dodatkowe serii i opisu książki wielotomowej - tytuł ujednolicony/tytuł [ ,0]
    • a
    • Tytuł ujednolicony/tytuł (NP)
    • Biblioteka Pisarzy Staropolskich
    • x
    • ISSN
    • 1427-3306
    • v
    • Oznaczenie tomu (NP)
    • t. 17
    • 9
    • KHW
    • 77779
504 -Uwaga dot. bibliogr. załącznikowej [ , ]
    • a
    • Uwaga dot. bibliografii załącznikowej
    • Indeksy.
080 -Uniwersalna Klasyfikacja Dziesiętna [ , ]
    • a
    • Symbol klasyfikacji
    • 884-1
080 -Uniwersalna Klasyfikacja Dziesiętna [ , ]
    • a
    • Symbol klasyfikacji
    • +884(091)-1"16"Twardowski Samuel
600 -Hasło przedmiotowe w formie nazwy osobowej [1,7]
    • a
    • Nazwa osobowa
    • Twardowski, Samuel
    • d
    • Daty związane z nazwą
    • (przed 1600-1661)
    • x
    • Określnik rzeczowy
    • krytyka i interpretacja.
    • 2
    • Źródło terminu
    • kaba
    • 9
    • KHW
    • 364727
650 -Hasło przedmiotowe [ ,7]
    • a
    • Hasło przedmiotowe
    • Służba dyplomatyczna i konsularna polska
    • z
    • Określnik geograficzny
    • Osmańskie, Imperium
    • y
    • Określnik chronologiczny
    • 17 w.
    • v
    • Określnik formalny
    • poezje.
    • 2
    • Źródło terminu
    • kaba
    • 9
    • KHW
    • 651463
651 -Hasło przedmiotowe w formie nazwy geograficznej [ ,7]
    • a
    • Nazwa geograficzna
    • Polska
    • x
    • Określnik rzeczowy
    • stosunki zagraniczne
    • z
    • Określnik geograficzny
    • Osmańskie, Imperium
    • y
    • Określnik chronologiczny
    • 17 w.
    • v
    • Określnik formalny
    • poezje.
    • 2
    • Źródło terminu
    • kaba
    • 9
    • KHW
    • 651464
651 -Hasło przedmiotowe w formie nazwy geograficznej [ ,7]
    • a
    • Nazwa geograficzna
    • Osmańskie, Imperium
    • x
    • Określnik rzeczowy
    • stosunki zagraniczne
    • z
    • Określnik geograficzny
    • Polska
    • y
    • Określnik chronologiczny
    • 17 w.
    • v
    • Określnik formalny
    • poezje.
    • 2
    • Źródło terminu
    • kaba
    • 9
    • KHW
    • 651465
655 -Hasło w funkcji tematu formalnego [ ,7]
    • a
    • Hasło
    • Poezja epicka polska
    • y
    • Określnik chronologiczny
    • 17 w.
    • 2
    • Źródło terminu
    • kaba
    • 9
    • KHW
    • 367590
655 -Hasło w funkcji tematu formalnego [ ,7]
    • a
    • Hasło
    • Poezja polska
    • y
    • Określnik chronologiczny
    • 17 w.
    • 2
    • Źródło terminu
    • kaba
    • 9
    • KHW
    • 124447
980 -Symbol UKD [ , ]
    • a
    • UKD
    • 884-1+884(091)-1"16"Twardowski Samuel
700 -Hasło dodatkowe - nazwa osobowa [1, ]
    • a
    • Nazwa osobowa (NP)
    • Krzywy, Roman Find
    • d
    • Daty biograficzne (NP)
    • (1971- ).
    • e
    • Określenie rodzaju współpracy
    • Wyd.
    • 9
    • KHW
    • 18923
710 -Hasło dodatkowe - nazwa ciała zbiorowego [2, ]
    • a
    • Nazwa ciała zbiorowego lub nazwa geograficzna jako pierwszy element (NP)
    • Polska Akademia Nauk.
    • b
    • Nazwa jednostki podrzędnej (P)
    • Instytut Badań Literackich.
    • b
    • Nazwa jednostki podrzędnej (P)
    • Wydawnictwo.
    • 4
    • Kod relacji
    • pbl
    • 9
    • KHW
    • 53680
920 -ISBN [ , ]
    • a
    • ISBN
    • 83-87456-53-5 Find
Lokalizacja Sygnatura Status udost. Data inwentaryzacji Numer inwentarzowy
BMPOL. Bibl. Pisarzy Staropol. T.1712004-07-29P.19319
BM -32023-06-14BJM.2141